[Event "Buenos Aires"]
[Site "Buenos Aires"]
[Date "1980.??.??"]
[Round "?"]
[White "Balashov, Yuri S"]
[Black "Ljubojevic, Ljubomir"]
[Result "0-1"]
[WhiteElo "2600"]
[BlackElo "2590"]
[Annotator "Chekhov,V"]
[PlyCount "62"]
[EventDate "1980.10.15"]
[EventType "tourn"]
[EventRounds "13"]
[EventCountry "ARG"]
[EventCategory "13"]
[SourceTitle "MCL"]
[Source "ChessBase"]
[SourceDate "1999.07.01"]
[SourceVersion "1"]
[SourceVersionDate "1999.07.01"]
[SourceQuality "1"]

1. d4 Nf6 2. Nf3 e6 3. c4 d5 4. g3 dxc4 5. Bg2 c5 6. O-O Nc6 7. Qa4 (7. Ne5 Bd7
8. Na3 cxd4 9. Naxc4 Bc5 10. Qb3 O-O 11. Bf4 Qc8 12. Rac1 Nd5 13. Nxd7 Qxd7 14.
Ne5 Nxe5 15. Bxe5 (15. Bxd5 Qxd5 16. Qxd5 exd5 17. Rxc5 Nc6 18. Rxd5 Rad8 $10 {
Morozevich,Yurkov/}) 15... Bb6 16. Rfd1 Rac8 $13 {Harlov,A-Sokolov,A/
St-Peterburg/ Inf 56/563/}) (7. dxc5 Qxd1 8. Rxd1 Bxc5 9. Nbd2 c3 10. bxc3 Bd7
11. Ng5 $5 Be7 12. Nde4 Nxe4 13. Nxe4 Na5 14. Nd6+ Bxd6 15. Rxd6 O-O-O 16. Rd4
{Gurevich,D-Sokolov,A/Saint Martin/1992/ Inf 55/480/} Bc6 $10 (16... b6 $10))
7... Bd7 8. Qxc4 (8. dxc5 Na5 9. Qc2 Bxc5 10. Ne5 Rc8 11. Bg5 h6 12. Bxf6 gxf6
13. Nxd7 Qxd7 14. Nd2 Be7 15. Ne4 Qc7 16. f4 f5 17. Qc3 Rg8 $132 {
Fominyh-Morozevich,A/Alushta/1993/}) 8... b5 9. Qd3 Rc8 10. dxc5 Bxc5 11. Nc3
b4 12. Nb5 (12. Ne4 Nxe4 13. Qxe4 Qe7 $5 14. Rd1 (14. Be3 $5) 14... e5 $1 15.
Be3 f5 16. Qd3 Bxe3 17. Qxe3 {Stohl,I-Smagin,S/Praha/1992/0,5 (49)/Inf 53/478/}
O-O $1 $10) 12... O-O 13. Nd6 (13. Be3 $5 Bxe3 14. Qxe3 Nd5 15. Qd3 Qf6 $13)
13... Nd4 $1 14. Bf4 $6 (14. Nxc8 $2 Bb5 15. Qd2 (15. Qb1 Nxe2+ {>>d3/}) (15.
Qd1 Bxe2 {[]f3/}) 15... Ne4 16. Qd1 Nc2 $19) (14. Nxd4 $5 Bxd6 15. Rd1 Bc5 16.
Nb3 Bb6 17. Bg5 Ba4 $10) 14... Nd5 $1 15. Be5 (15. Nxc8 Bb5 16. Qd2 Nxe2+ 17.
Kh1 Nexf4 18. Rfc1 (18. gxf4 Bxf1 19. Rxf1 Qxc8 20. Rc1 Qc7 21. Qc2 Rc8)) 15...
Nxf3+ 16. Qxf3 (16. Bxf3 Qg5 17. Qe4 f6 18. Nxc8 fxe5) 16... f6 $1 17. Bf4 (17.
Nxc8 fxe5 18. Qb3 Bxc8) 17... Nxf4 18. Qxf4 (18. Nxc8 Nxg2 $19) 18... g5 $1 19.
Qd2 Ba4 $1 20. b3 (20. Ne4 Qxd2 21. Nxd2 Bd4 $19) 20... Qxd6 21. Qxd6 Bxd6 22.
bxa4 Rc2 23. Rad1 $6 (23. Be4 Rxe2 24. Rfe1 Rb2 25. Reb1 Rxb1+ 26. Rxb1 f5 27.
Bc2 Kf7 28. Bb3 Kf6 29. Rc1 Rd8 $17) 23... Rd8 $19 24. Be4 (24. Rd3 Be7 (24...
Kf7 $2 25. Rfd1 Ke7 26. R3d2) 25. Rxd8+ Bxd8 26. Rd1 Bb6 27. e3 Rxa2 $19) 24...
Rxa2 25. Bd3 Rxa4 26. Bc4 Kf7 27. Rd4 Ke7 28. Rfd1 Ra3 29. Kg2 b3 (29... a5 $19
) 30. R4d3 (30. Rb1 Rb8 31. Rd3 b2 $19) 30... b2 31. R3d2 Ra1 0-1

[Event "POL-chT 51st"]
[Site "Lubniewice"]
[Date "1995.??.??"]
[Round "6"]
[White "Wojtkiewicz, Aleksander"]
[Black "Ivanov, Sergey"]
[Result "0-1"]
[WhiteElo "2570"]
[BlackElo "2545"]
[Annotator "Chekhov,V"]
[PlyCount "102"]
[EventDate "1995.09.14"]
[EventType "team-tourn"]
[EventRounds "11"]
[EventCountry "POL"]
[SourceTitle "EXT 1997"]
[Source "ChessBase"]
[SourceDate "1996.11.15"]
[SourceVersion "1"]
[SourceVersionDate "1996.11.15"]
[SourceQuality "1"]
[WhiteTeam "Warszawa Polonia"]
[BlackTeam "Bielsko-Biala Wlokniarz"]
[WhiteTeamCountry "POL"]
[BlackTeamCountry "POL"]

1. Nf3 Nf6 2. c4 e6 3. g3 d5 4. d4 dxc4 5. Bg2 Nc6 6. Qa4 Bb4+ 7. Bd2 Nd5 8.
Bxb4 Ndxb4 9. O-O Rb8 10. Na3 $5 {/N/} (10. Nc3 a6 11. Ne5 (11. Rac1 $6 O-O 12.
Qa3 b6 13. Rfd1 Qe7 14. Nb1 b5 15. b3 cxb3 16. axb3 Rd8 $17 {Romanishin,
O-Sosonko,G/Polanica Zdroj/1993/0|1/40/}) (11. a3 $6 b5 12. Qd1 Nd5 13. Ne4 O-O
14. Qc2 f5 15. Nc3 Bb7 $15 {Kaidanov,G-Bykhovsky,Av/New York/1990/0,5/39/})
11... O-O 12. Nxc6 Nxc6 13. Bxc6 bxc6 14. Qxc4 Rxb2 15. Rab1 Rb6 16. Qc5 h6 17.
Rfd1 Bd7 18. a4 Qb8 19. a5 Rb2 20. Qa3 Rxb1 21. Rxb1 Qa7 22. Qc5 (22. Qb4 c5 $1
23. Qxc5 Qxc5 24. dxc5 Bc6 $10 {Stummer,A-Luther,T/Kecskemet/1993/0|1/40/})
22... Qxc5 23. dxc5 Bc8 24. Rb8 e5 25. f4 exf4 26. gxf4 Be6 27. Rb7 Rd8 28.
Rxc7 Rd4 29. e4 Rc4 $10 {Horvath,C-Luther,T/Budapest/1991/0,5/29/}) 10... O-O (
10... a6 11. Ne5 O-O 12. Nxc6 Nxc6 13. Bxc6 bxc6 14. Qxc4 (14. Nxc4 $5 Qxd4 15.
Rfd1 Qe4 16. Rd2 c5 17. f3 Qb7 18. Rc1 $146) 14... Rxb2 15. Rab1 Rb6 $13) (
10... Bd7 $5) 11. Qb5 b6 12. Qxc4 Ba6 13. Nb5 Qd5 14. Qxd5 exd5 (14... Nxd5 $6
15. a4 $16) 15. Nc3 Ne7 16. Rfd1 (16. a3 $5 Nbc6 17. Rfd1 $16) 16... c5 17.
Rac1 Rfd8 18. dxc5 bxc5 19. Rd2 g6 $13 20. Na4 (20. a3 Nbc6 21. Na4 c4 22. Nc5
Bc8 23. e4 dxe4 24. Rxd8+ Nxd8 25. Nxe4 Rxb2) 20... c4 (20... Nxa2 $6 21. Rxc5
$14) 21. Nc3 Bc8 22. Rcd1 (22. e4 $6 Nd3 $36) (22. a3 $5 Nbc6 23. e3) 22... Be6
23. Nd4 Kg7 24. h3 (24. e4 $5 Bg4 $1 (24... dxe4 $4 25. Nxe6+ $18) (24... Nd3
25. exd5 Nxd5 26. Nc6) 25. f3 Be6 $132) 24... h5 25. a3 (25. e4 Kh6 26. Nxe6
fxe6 27. exd5 exd5 28. Nxd5 Nbxd5 29. Bxd5 Nxd5 30. Rxd5 Rxd5 31. Rxd5 Rxb2 $10
) 25... Na6 26. e4 Nc7 27. exd5 Ncxd5 28. Nxe6+ (28. Re1 $5 Nc7 29. Nxe6+ Nxe6
30. Rxd8 Rxd8 31. Bf1 $16) 28... fxe6 29. Bxd5 Nxd5 30. Nxd5 exd5 31. Rxd5 Rxd5
32. Rxd5 Rxb2 33. Rd7+ (33. Rc5 $10) 33... Kf6 34. Rxa7 $6 (34. Rc7 $5 Rc2 35.
Rxa7 Ke5 36. Kg2 c3 37. Ra6 $10) 34... Ke5 35. Rc7 Kd4 36. Kg2 c3 37. Kf3 Ra2
38. Kf4 (38. Rd7+ Kc4 39. Ke3 Kb3 40. Rb7+ Kxa3 41. Ra7+ Kb2 42. Rb7+ Kc1 43.
Rb6 c2 44. Rxg6 Ra3+ 45. Ke2 Kb2 46. Rb6+ Rb3 47. Rc6 Rc3 48. Rb6+ Ka3 49. Ra6+
Kb4 50. Ra1 c1=Q 51. Rxc1 Rxc1 $19) 38... Rxa3 (38... Rxf2+ 39. Kg5 Rg2 40. g4
hxg4 41. hxg4 c2 42. a4 Kd3 43. a5 Kd2 44. a6 c1=Q 45. Rxc1 Kxc1 46. a7 Ra2 47.
Kxg6 $10) 39. Kg5 Ra5+ 40. Kxg6 Rc5 41. Rd7+ Ke4 42. Rd1 Kf3 43. Rc1 c2 44. Kf7
(44. Kh6 Kxf2 45. g4 h4 46. g5 Ke2 47. g6 (47. Kh5 Kd2 48. Rxc2+ Kxc2 49. Kxh4
Kd3 50. Kh5 Ke4 51. h4 Kf5 $19) 47... Kd2 48. g7 Rc8 49. Rg1 c1=Q 50. Rxc1 Kxc1
51. Kh7 Kd2 52. g8=Q Rxg8 53. Kxg8 Ke3 54. Kg7 Kf3 55. Kg6 Kg3 56. Kg5 Kxh3 57.
Kf4 Kg2 $19) 44... Rc6 45. Kg7 Kxf2 46. g4 h4 47. g5 Ke3 48. g6 Kd2 49. Rxc2+
Rxc2 50. Kh7 Ke3 51. g7 Rg2 0-1

[Event "Alushta3"]
[Site "Alushta"]
[Date "1993.??.??"]
[Round "?"]
[White "Fominyh, Alexander"]
[Black "Morozevich, Alexander"]
[Result "0-1"]
[WhiteElo "2515"]
[BlackElo "2545"]
[Annotator "Chekhov,V"]
[PlyCount "102"]
[EventDate "1993.08.??"]
[EventType "tourn"]
[EventRounds "11"]
[EventCountry "UKR"]
[EventCategory "9"]
[SourceTitle "CBM 038"]
[Source "ChessBase"]
[SourceDate "1994.02.01"]
[SourceVersion "1"]
[SourceVersionDate "1994.02.01"]
[SourceQuality "1"]

1. Nf3 Nf6 2. c4 e6 3. g3 d5 4. d4 dxc4 5. Bg2 c5 6. O-O Nc6 7. Qa4 (7. dxc5 $5
Qxd1 8. Rxd1 Bxc5 9. Nbd2 c3 10. bxc3 Bd7 11. Nb3 (11. Ng5 Be7 12. Nde4 Nxe4
13. Nxe4 Na5 14. Nd6+ Bxd6 15. Rxd6 O-O-O $1 $10 {Gurevich,D-Sokolov,A Saint
Martin 1992 Inf 55/480/}) 11... Be7 12. c4 O-O 13. Bb2 Rfd8 14. Ne5 Nxe5 15.
Bxe5 Rac8 16. Bxb7 Rxc4 17. Bf3 Be8 $10 {Razuvaev,Y-Van der Sterren,P Praha
1992 Inf 53/478/}) (7. Ne5 $5 Bd7 8. Na3 cxd4 9. Naxc4 Bc5 10. Qb3 Qc8 11. Bf4
O-O 12. Rac1 Nd5 13. Nxd7 Qxd7 14. Ne5 Nxe5 15. Bxe5 Bb6 16. Rfd1 Rac8 17. Rxc8
Rxc8 18. Bxd5 Qxd5 19. Qxd5 exd5 20. Bxd4 $14 {Tukmakov,V-Sokolov,A Biel 1992
Inf 55/481/}) 7... Bd7 (7... cxd4 8. Nxd4 Qxd4 9. Bxc6+ Bd7 10. Rd1 Qxd1+ 11.
Qxd1 Bxc6 12. Nd2 b5 13. a4 Be7 14. axb5 Bxb5 15. Nxc4 O-O 16. Qb3 $16 {
Kasparov,G-Andersson,U Nikshic 1983/}) 8. dxc5 (8. Qxc4 b5 9. Qd3 Rc8 10. dxc5
Bxc5 11. Nc3 b4 12. Nb5 O-O 13. Be3 $14 {Gorelov,S-Sokolov,A SSSR 1983/}) 8...
Na5 $1 (8... Bxc5 $6 9. Qxc4 Be7 10. Nc3 O-O 11. Rd1 Qc8 12. Bg5 $14 {Suba,
M-Stefanov,P Romania 1983 Inf 36/579/}) (8... Ne5 9. Qc2 Nxf3+ 10. Bxf3 Qc8 11.
Be3 Bxc5 12. Bxb7 Qxb7 13. Bxc5 Rc8 14. Ba3 h5 15. h4 Qe4 16. Qd2 Bc6 17. f3
Qe5 18. Kf2 Rd8 19. Qb4 Rd7 20. Qc5 $1 $16 {Rashkovsky,N-Smirin,I Nikolaev
1983 Inf 36/579/}) 9. Qc2 Bxc5 10. Ne5 Rc8 11. Bg5 h6 $1 (11... Rc7 $6 12. Rd1
O-O 13. Nc3 $36) 12. Bxf6 gxf6 13. Nxd7 Qxd7 14. Nd2 $5 $146 (14. Rd1 Qc7 15.
Qa4+ Ke7 $15) (14. Qc3 b6 {/\Bd4=/+/}) (14. Nc3 $5 Qc7 15. Rfd1 O-O 16. Ne4 Be7
17. Qc3 Qe5 18. Rd4 $1 Kg7 19. Rad1 Rfd8 20. Rxd8 Rxd8 21. Rxd8 Qxc3 22. bxc3
Bxd8 23. Nd6 $10 {Polugaevsky,L-Kupreichik,V SSSR 1983 Inf 36/580/}) 14... Be7
15. Ne4 Qc7 16. f4 (16. Rad1 $5) 16... f5 $1 17. Qc3 Rg8 18. Nf2 (18. Nf6+ Bxf6
19. Qxf6 Rg6 $17) 18... Bc5 (18... b5 $5) 19. e4 $5 (19. Kh1 $5) 19... fxe4 20.
Bxe4 Qxf4 (20... b5 $5 21. Bh7 Rf8) 21. Bh7 (21. Qxa5 Bxf2+ 22. Rxf2 Qxe4)
21... Rg5 22. Kh1 Qe3 23. Qxe3 (23. Qxa5 $2 Qf3+ 24. Kg1 Bxf2+ $19) 23... Bxe3
24. Ne4 Ke7 (24... Rg7 $5 25. Nd6+ (25. Rae1 Ke7 $1) 25... Kd7 26. Rxf7+ (26.
Nxc8 Rxh7 $17) 26... Rxf7 27. Nxf7 Ke7 28. Ne5 Bd4 $19) 25. Nxg5 hxg5 26. Rad1
b5 27. Rfe1 Bf2 28. Re2 (28. Re5 Rc5) 28... Bc5 29. Rd5 Kf6 30. Rd7 Nc6 31. Re1
Ne5 $17 32. Rb7 Bb6 33. Bc2 $6 (33. Rd1 $5) 33... Rd8 34. Rd1 Rxd1+ 35. Bxd1
Nd3 $19 36. Bh5 g4 $1 37. h4 (37. Bxf7 Nxb2 $19) (37. Rxf7+ Kg5 38. Rh7 Nxb2
$19) 37... gxh3 38. Rxf7+ Kg5 39. Bf3 b4 (39... Nxb2 $5) 40. Kh2 c3 41. bxc3
bxc3 42. Bd1 Ne1 43. Rg7+ Kf6 44. Rd7 c2 45. Bxc2 Nxc2 46. Kxh3 e5 47. Kg4 Ke6
48. Rh7 Nd4 49. Rh1 e4 50. Re1 Kd5 51. Kh5 Nf3 0-1

[Event "St Petersburg op"]
[Site "St Petersburg"]
[Date "1994.??.??"]
[Round "2"]
[White "Polovodin, Igor A"]
[Black "Zvjaginsev, Vadim"]
[Result "0-1"]
[WhiteElo "2440"]
[BlackElo "2545"]
[Annotator "Chekhov,V"]
[PlyCount "114"]
[EventDate "1994.02.??"]
[EventType "swiss"]
[EventRounds "9"]
[EventCountry "RUS"]
[SourceTitle "CBM 041"]
[Source "ChessBase"]
[SourceDate "1994.08.01"]
[SourceVersion "1"]
[SourceVersionDate "1994.08.01"]
[SourceQuality "1"]

1. d4 d5 2. c4 e6 3. Nf3 Nf6 4. g3 dxc4 5. Bg2 Nc6 6. Qa4 (6. O-O $1) 6... Nd7
$5 (6... Bb4+ 7. Bd2 Nd5 8. Bxb4 Ndxb4 9. Ne5 Bd7 (9... O-O 10. Bxc6 $1 Nxc6
11. Nxc6 bxc6 12. Qxc4 $14) 10. O-O $1 O-O 11. Nxc6 (11. Nxd7 Qxd7 12. a3 Nd5
13. Qxc4 Rad8 14. e3 e5 $10) 11... Nxc6 12. Qxc4 e5 13. dxe5 Nxe5 14. Qc3 $14)
7. Qxc4 Nb6 8. Qd3 e5 9. Nxe5 (9. Be3 $5 Nb4 (9... exd4 10. Nxd4 Nxd4 11. Bxd4
Bb4+ 12. Nc3 $14) 10. Qb5+ Bd7 11. Qxe5+ Be7 12. Na3 O-O 13. O-O N6d5 14. Bd2
Bf6 15. Qh5 $13 {Raetsky/}) (9. dxe5 $6 Qxd3 10. exd3 Nb4 11. Na3 Nxd3+ 12. Ke2
Nxc1+ $10) 9... Nb4 10. Qb3 (10. Qd1 Qxd4 11. Qxd4 Nc2+ 12. Kd1 Nxd4 13. e3 Ne6
14. Nc3 f6 $1 15. Nd3 Nc5 $10 {Gelfand,B-Ivanchuk,V/SSSR/1986/0,5 (40) Inf 42/
636/}) (10. Qc3 Qxd4 11. O-O Qxc3 12. Nxc3 f6 (12... g6 $6 13. Nb5 Na6 14. Bf4
c6 15. Nxc6 $1 bxc6 16. Bxc6+ Bd7 17. Bxa8 Bxb5 18. Be5 Rg8 19. Rfc1 $1 $16 {
Tukmakov,V-Gelfand,B/Sverdlovsk/1987/0,5 (66) Inf 44/598/}) 13. Nf3 c6 $5 (
13... Bd7 $5 14. Rd1 Bd6 15. Bf4 Bxf4 16. gxf4 O-O $10 {Mikhalchishin,
A-Kaidanov,G/Trnava/1988/ Inf 45/596/}) 14. a3 (14. Bd2 $5) 14... N4d5 15. Nxd5
Nxd5 16. Nd4 Bc5 17. Rd1 O-O $13 {Dokhoian,Y-Gelfand,B/Klaipeda/1988/ Inf 47/
587/}) 10... Be6 11. Qd1 Qxd4 12. Qxd4 Nc2+ 13. Kd1 Nxd4 14. Bxb7 Rd8 15. Bd2
$5 $146 (15. Nd2 f6 16. Nc6 Nxc6 17. Bxc6+ Kf7 $44 {Krasenkov,M-Goldin,A/
Moscow/1989/ Inf 47/587/}) 15... f6 16. Nc6 Nxc6 17. Bxc6+ Kf7 18. Kc2 Bc5 19.
f3 (19. e3 Bf5+ $1 20. e4 Rd6 21. Bb7 Rb8 22. exf5 Rxb7 $36) 19... Nc4 (19...
Rd6 20. Be4) 20. Be4 (20. Bf4 $6 g5 $1 21. b3 Ne3+ 22. Kc1 gxf4) 20... Rd6 21.
Bd3 Rb8 $36 22. Bc1 (22. b3 $5 Ne3+ (22... Ne5 $5) 23. Bxe3 (23. Kc1 Rc6 $36)
23... Bxe3 24. Na3 $13) 22... Bd4 23. Nc3 Rc6 24. Be4 (24. Bxc4 Bxc4 25. e3
Bxc3 26. bxc3 Be2 27. f4 Bf3 $40) 24... Rc5 25. Rd1 Be5 26. f4 (26. Rd3 f5 $19)
(26. Rb1 f5 $1 27. Bd3 Na3+ 28. bxa3 Rxc3+ 29. Kd2 Rxd3+ $19) 26... Nxb2 $1 27.
Bxb2 (27. fxe5 $2 Nxd1 28. Kxd1 Rxc3 $19) 27... Rxb2+ 28. Kxb2 Bxc3+ 29. Kb1 $8
Bc4 (29... f5 30. Bd3 Ra5 31. Rc1 Bxa1 32. Rxc7+ Kf6 33. Kxa1 Rxa2+ 34. Kb1 $13
) 30. a4 $5 (30. Rc1 Rb5+ 31. Kc2 Bxa1 32. Rxa1 Bxe2) 30... f5 (30... Bxa1 31.
Kxa1 Bxe2 32. Rd7+ Kf8 33. Bxh7 $13) 31. Rc1 $1 (31. Bd3 Bxa1 32. Kxa1 Bb3 33.
Rb1 Bxa4) 31... Bxa1 32. Rxc4 Rxc4 33. Bd5+ Kf6 34. Bxc4 Bd4 35. Kc2 (35. h3 h5
$1) 35... Bg1 36. h3 Bh2 37. Kd3 Bxg3 38. e3 $6 (38. Ke3 $1 {/\Kf3,e4/}) 38...
h6 39. Ke2 g5 40. Kf3 Be1 41. Ke2 $1 (41. e4 $6 gxf4 42. Kxf4 Bd2+ 43. Kf3 f4)
(41. fxg5+ hxg5) 41... Bb4 42. Kf3 Bd2 43. Ba6 (43. fxg5+ $5 hxg5 44. Bd3 Ke5
45. Ke2 Ba5 46. Kf3 c5 47. Ke2 f4 48. Kf3 Bd2 49. exf4+ gxf4 50. h4 Kd4 $19)
43... g4+ 44. hxg4 fxg4+ 45. Kxg4 Bxe3 46. Kf3 Bc1 47. Ke4 Ke6 48. Be2 a5 49.
Bh5 Kd6 50. Bd1 Kc5 51. Ke5 Kb4 52. f5 c5 53. f6 Bb2+ 54. Kf5 c4 55. f7 (55.
Kg6 Bxf6 56. Kxf6 Kc3 57. Kg6 Kd2 $19) 55... Bg7 56. Ke4 Kc3 57. Bg4 Kd2 0-1

[Event "Orel"]
[Site "Orel"]
[Date "1995.??.??"]
[Round "3"]
[White "Mochalov, Evgeny Veniaminovic"]
[Black "Pushkov, Nikolai"]
[Result "1-0"]
[WhiteElo "2455"]
[BlackElo "2505"]
[Annotator "Chekhov,V"]
[PlyCount "87"]
[EventDate "1995.??.??"]
[EventType "tourn"]
[EventRounds "9"]
[EventCountry "RUS"]
[EventCategory "10"]
[SourceTitle "CBM 048"]
[Source "ChessBase"]
[SourceDate "1995.10.01"]
[SourceVersion "1"]
[SourceVersionDate "1995.10.01"]
[SourceQuality "1"]

1. d4 Nf6 2. c4 e6 3. g3 d5 4. Nf3 dxc4 5. Bg2 Nc6 6. Qa4 Bb4+ 7. Bd2 Nd5 8.
Bxb4 (8. Qb5 $5 Bxd2+ 9. Nbxd2 c3 10. bxc3 Nxc3 11. Qd3 Nd5 12. O-O O-O 13.
Rac1 Qe7 14. e4 $44 {Romanishin,O-Dokhoian,Y/GER/1994/1:0/56/}) 8... Ndxb4 9.
O-O (9. Ne5 $6 O-O 10. Bxc6 Nxc6 11. Nxc6 bxc6 12. Qxc4 Rb8 $1 13. O-O Rxb2 14.
Nc3 Qd6 15. Rab1 Rb6 16. Rfc1 Rd8 17. e3 e5 18. dxe5 Qxe5 $17 {Stajcic,
N-Luther,T/HUN/1993/}) 9... Rb8 10. Nc3 a6 (10... Bd7 $5 11. a3 b5 12. Nxb5 Nd5
13. Nc3 Rxb2 14. Qxc4 Na5 15. Qd3 Rb3 16. Rfc1 c5 {Romanishin,O-Aleksandrov,A/
Pula/1990/1:0/33/}) 11. Ne5 Bd7 $5 (11... O-O 12. Bxc6 Nxc6 13. Nxc6 bxc6 14.
Qxc4 Rxb2 15. Rab1 Rb6 16. Qc5 h6 17. Rfd1 Bd7 18. a4 Qb8 19. a5 Rb2 20. Qa3
Rxb1 21. Rxb1 Qa7 $10 {Horvath,C-Luther,T/HUN/1991/}) 12. Nxc6 bxc6 (12... Nxc6
13. Qxc4 $14) 13. Rad1 $1 (13. a3 c5 14. Qd1 cxd4 15. axb4 dxc3 16. bxc3 Rb6)
13... O-O (13... c5 14. Qa5 cxd4 15. Rxd4 $16) 14. Rd2 $1 (14. a3 c5 15. Qa5
Nc6 16. Qxc5) 14... Qe7 (14... Qc8 $5 15. Rfd1 c5 16. Qa5 cxd4 17. Rxd4 Nc6 18.
Bxc6 Bxc6 19. Rxc4 Rb6 $13) 15. Rfd1 $1 (15. a3 c5 16. Qa5 Nc6 17. Bxc6 Bxc6
18. Qxa6 cxd4 19. Rxd4 Ba8 $13) 15... Rfc8 $6 (15... Rb6 $5 16. a3 c5 17. Qa5
Nc6 18. Bxc6 Rxc6 19. dxc5 Bc8 20. Na4 e5 $13) 16. a3 c5 17. Qa5 Nc6 18. Bxc6
Bxc6 19. Qxa6 Be8 $6 (19... cxd4 $5 20. Rxd4 (20. Qxc6 dxc3 21. Rd7 Qf8 22.
bxc3 Qxa3 23. Qxc4 Qa5)) 20. Qxc4 cxd4 21. Qxd4 $16 c5 22. Qc4 Bc6 23. f3 h6 (
23... h5 $1) 24. Kf2 g6 25. Qf4 Kg7 26. Qe5+ (26. Ne4 Bxe4 27. Qxe4 Qf6 $1)
26... Qf6 27. Qxf6+ Kxf6 28. e4 Rb3 29. Rc1 g5 30. Nd1 g4 (30... Bb7 31. Rdc2)
31. Rxc5 Rxf3+ 32. Ke1 Bb7 33. Rxc8 Bxc8 34. a4 (34. Rf2 $1 Ke5 35. Rxf3 gxf3
36. Nc3 Bb7 37. Kf2 Bxe4 38. Nxe4 Kxe4 39. a4 $18) 34... Ke5 35. Nc3 Ba6 (35...
f5 $5) 36. Rf2 Kd4 $2 (36... Re3+ 37. Kd2 Rd3+ 38. Kc2 f5) 37. Rxf3 gxf3 38.
Kf2 $18 Kc4 39. Kxf3 Kb3 40. e5 Kxb2 41. Nb5 Kb3 42. Nd6 Kxa4 43. Nxf7 h5 44.
Kf4 1-0

[Event "St Petersburg zt"]
[Site "St Petersburg"]
[Date "1993.??.??"]
[Round "6"]
[White "Ulybin, Mikhail"]
[Black "Kharlov, Andrei"]
[Result "0-1"]
[WhiteElo "2565"]
[BlackElo "2580"]
[Annotator "Chekhov,V"]
[PlyCount "94"]
[EventDate "1993.01.??"]
[EventType "swiss"]
[EventRounds "9"]
[EventCountry "RUS"]
[SourceTitle "CBM 034"]
[Source "ChessBase"]
[SourceDate "1993.06.01"]
[SourceVersion "1"]
[SourceVersionDate "1993.06.01"]
[SourceQuality "1"]

1. d4 d5 2. c4 e6 3. Nf3 Nf6 4. g3 c6 5. Bg2 dxc4 6. Ne5 b5 $5 7. a4 (7. Nxc6
Qb6 8. Ne5 Bb7 $10) 7... Nd5 8. axb5 cxb5 9. Nc3 f6 $5 $146 (9... Bb4 10. O-O
Bxc3 11. e4 Bxb2 12. exd5 Bxa1 13. Ba3 a5 $13) 10. Nf3 (10. Ng4 $5) 10... Nxc3
11. bxc3 Bb7 12. O-O Be7 13. Qc2 (13. e4 Bxe4 (13... O-O 14. Re1 $44) 14. Ne5 (
14. Ng5 $5 Bxg2 15. Nxe6 Qc8 16. Nxg7+ Kf8 17. Bh6 $13) 14... Bxg2 15. Qh5+ g6
16. Nxg6 Qd5 $1 17. Ne5+ Kd8 18. Nf7+ Ke8 $1 $10) (13. Re1 $5 {/\ e4~/=}) 13...
f5 14. Nh4 (14. Ne1 Qc8 15. e4 O-O $15) 14... Qc8 15. Bxb7 Qxb7 16. Ng2 O-O 17.
Nf4 Rf6 (17... Qc6 18. e4) 18. Nh5 (18. Re1 Qe4 19. Qb2 a6 20. f3 Qc6 21. e4
$44) 18... Rf7 19. Nf4 Qc6 20. e4 Nd7 (20... Qxe4 $6 21. Qxe4 fxe4 22. Nxe6 $16
) (20... fxe4 21. Re1 {/\ Qe4+/=}) 21. exf5 $142 $6 (21. Re1 Nb6 22. Bd2 {
/\ Re2, Rae1~/=}) 21... exf5 22. Re1 Bd6 $15 23. Ne6 Nb6 24. Bg5 Qd7 25. Bf4
Re8 26. Nc5 (26. Bxd6 Rxe6 27. Rxe6 Qxe6 28. Bc5 Na4 $17) 26... Bxc5 27. dxc5
Na4 28. Bd6 h6 29. Qd2 $142 $2 (29. Rxe8+ Qxe8 30. Qd2) 29... Rxe1+ 30. Qxe1 (
30. Rxe1 Nxc5 $19) 30... f4 $1 $17 31. Rd1 (31. Bxf4 Nxc5 $17) (31. gxf4 Qg4+
32. Kh1 Qf3+ 33. Kg1 Rf6 $19) 31... f3 32. Bf4 Re7 $1 33. Qf1 Qc8 34. Re1 (34.
Bd6 Re2 $19) 34... Qxc5 35. Rxe7 Qxe7 36. Qc1 Qe2 37. h4 Nb2 38. Qa1 Kh7 39.
Be3 Nd3 40. Qb1 a6 41. Kh2 Qe1 42. Qxe1 Nxe1 43. g4 Ng2 44. Bb6 b4 45. cxb4 c3
46. Bd4 c2 47. Bb2 Nxh4 0-1

[Event "Interpolis"]
[Site "Tilburg"]
[Date "1989.09.25"]
[Round "9"]
[White "Ivanchuk, Vassily"]
[Black "Kortschnoj, Viktor Lvovich"]
[Result "0-1"]
[WhiteElo "2660"]
[BlackElo "2655"]
[Annotator "ChessBase"]
[PlyCount "52"]
[EventDate "1989.09.15"]
[EventType "tourn"]
[EventRounds "14"]
[EventCountry "NED"]
[EventCategory "15"]
[SourceTitle "CBM 015"]
[Source "ChessBase"]
[SourceDate "1990.04.01"]
[SourceVersion "1"]
[SourceVersionDate "1990.04.01"]
[SourceQuality "1"]

1. d4 Nf6 2. c4 e6 3. g3 d5 4. Bg2 dxc4 5. Nf3 Nc6 6. Qa4 Bb4+ 7. Bd2 Nd5 8.
Bxb4 Ndxb4 9. a3 b5 10. Qxb5 Nc2+ 11. Kd2 Nxa1 12. Qxc6+ Bd7 13. Qxc4 c5 $1 (
13... Rb8) 14. Qa2 (14. Nc3 cxd4 15. Nxd4 Rc8 16. Qd3 e5 $15) 14... Qa5+ 15. b4
(15. Nc3 $5 cxd4 16. Nxd4 Rd8 17. Rxa1 e5 18. b4 Qb6 19. Nc2 Be6+ 20. Bd5 Qxf2
$44) 15... cxb4 16. Qxa1 Rc8 17. Ne5 Bb5 18. Ke3 $2 (18. a4 $5 {18.d5 0-0!} O-O
19. Nd3 (19. Qb2 $5) 19... Bxd3 20. Kxd3 $1 Qf5+ 21. Ke3 Rc2 22. f4 $14 {
/\ Bf3, Kf2}) 18... Rc2 $17 19. Bf3 O-O 20. a4 f6 21. Nd3 Bc4 22. Nd2 Qg5+ $2 (
22... Bxd3 23. exd3 Qg5+ $19) 23. Nf4 e5 $1 24. Nxc4 exf4+ 25. gxf4 Qf5 $1 26.
Nd6 (26. Qb1 Re8+ 27. Ne5 fxe5 28. dxe5 Rc3+ $19) 26... Qe6+ {27.Ne4 Qb3, 27.
Be4 Rc3 28.Kd2 Qd6} 0-1

[Event "Interzonal-16"]
[Site "Biel"]
[Date "1993.??.??"]
[Round "5"]
[White "Huebner, Robert"]
[Black "Lputian, Smbat G"]
[Result "1/2-1/2"]
[WhiteElo "2605"]
[BlackElo "2565"]
[Annotator "ChessBase"]
[PlyCount "37"]
[EventDate "1993.07.16"]
[EventType "swiss"]
[EventRounds "13"]
[EventCountry "SUI"]
[SourceTitle "CBM 037"]
[Source "ChessBase"]
[SourceDate "1993.12.01"]
[SourceVersion "1"]
[SourceVersionDate "1993.12.01"]
[SourceQuality "1"]

1. d4 d5 2. c4 e6 3. Nf3 Nf6 4. g3 Bb4+ 5. Nbd2 dxc4 6. Bg2 Nc6 7. Qc2 Bxd2+ 8.
Bxd2 Nxd4 9. Qxc4 $5 (9. Nxd4) 9... Nxf3+ 10. Bxf3 O-O 11. Rd1 Nd5 12. Bc3 Qe7
13. Bxd5 exd5 14. Qd4 Qg5 15. h4 Qg4 16. Qxd5 Re8 17. O-O c6 18. Qd4 h5 19.
Rfe1 1/2-1/2

[Event "Interzonal-16"]
[Site "Biel"]
[Date "1993.??.??"]
[Round "3"]
[White "Kozul, Zdenko"]
[Black "Lputian, Smbat G"]
[Result "1-0"]
[WhiteElo "2595"]
[BlackElo "2565"]
[Annotator "ChessBase"]
[PlyCount "119"]
[EventDate "1993.07.16"]
[EventType "swiss"]
[EventRounds "13"]
[EventCountry "SUI"]
[SourceTitle "CBM 037"]
[Source "ChessBase"]
[SourceDate "1993.12.01"]
[SourceVersion "1"]
[SourceVersionDate "1993.12.01"]
[SourceQuality "1"]

1. d4 e6 2. c4 d5 3. Nf3 Nf6 4. g3 Bb4+ 5. Nbd2 dxc4 6. Bg2 Nc6 7. O-O Bxd2 8.
Bxd2 Nxd4 9. Nxd4 (9. Ne5) 9... Qxd4 10. Qc2 O-O 11. Rfd1 Ng4 12. Be1 Qc5 13.
b4 Qb6 14. a4 e5 15. Qxc4 Be6 16. Qc3 c6 17. a5 Qa6 18. h3 Nf6 19. e4 Rfe8 20.
Bf1 b5 21. f3 Qc8 22. g4 Bd7 23. Rd6 Qc7 24. Rad1 $16 Re6 25. Rxe6 Bxe6 26.
Bxb5 Bd7 27. Bg3 Re8 28. Qc5 h6 29. Bf1 Nh7 30. Qd6 Qxd6 31. Rxd6 Nf8 32. Bf2
Ra8 33. Ba6 Rb8 34. Bc5 Be8 35. Rd3 Ne6 36. Bd6 Ra8 37. Kf2 f6 38. Ke3 Rd8 39.
h4 Nf4 40. Rd2 Ne6 41. h5 Bf7 42. Be7 Rxd2 43. Kxd2 Nc7 44. Bb7 Be8 45. Bc8 Nb5
46. Bc5 g5 47. hxg6 Kg7 48. Bf5 Bxg6 49. Bd7 Bf7 50. Kd3 Na3 51. Bxa7 Bc4+ 52.
Kd2 Bb5 53. Bc5 Ba6 54. Bxc6 Nb5 55. Ke2 Na3+ 56. Kf2 Nb5 57. Kg3 Nc7 58. Kh4
Kg6 59. Be3 Be2 60. Bb6 1-0